000 00750nas a2200229 4500
001 BR9503626
003 BR-BrBNA
005 20231205094050.0
007 ta
008 230509b bl.|||p| |||| 00| 00por d
040 _aBR-BrBNA
_bpor
_cBiblioteca Nacional de Agricultura
041 _a(Pt)
072 _aL40; L74
100 1 _aGarcia, O. de S.
245 1 _aEstudo anatomico acerca de um caso de persistencia da veia precardinal esquerda em equino
650 _aEquino
650 _aAparelho Circulatorio
650 _aAnatomia Animal
773 0 _tArquivos da Escola de Veterinaria da Universidade Federal de Minas Gerais (Brazil)
_x
_g(1965), v. 17 p. 71-91
_wBR9503626
909 _a202311
_bLúcia
_c55
_dLúcia Elande
942 _2AGRIS
_n0
_cANA
999 _c141864
_d141864